000 00637nam a22002297a 4500
003 UA-OsUOA
001 77622
007 ta
008 20110920b un ||||| |||| 00| 0 ukr d
100 _aКристофанелли Р.
090 _a821.161.1(450)
_bК82
942 _cBK
040 _aUA-OsUOA
_brus
_cUA-OsUOA
_dUA-OsUOA
245 _aДневник Микеланджело неистового
300 _a382 с.
955 _a3
041 _arus
080 _a821.161.1(450)
260 _aМ.
_bПрогресс
_c1980
650 7 _a82 Література. Літературознавство
_2UDC
999 _c363926
_d363926